| 000 | 00000nam 2200000zi 4500 |
| 001 | 9.936779 |
| 003 | CaOODSP |
| 005 | 20240716141313 |
| 006 | m o d f |
| 007 | cr |n||||||||| |
| 008 | 240415t20242024onc o f00| 0 eng d |
| 020 | |a9780660713717 |
| 040 | |aCaOODSP|beng|erda|cCaOODSP |
| 043 | |an-cn--- |
| 086 | 1 |aPS9-35/2024E-PDF |
| 245 | 00|aAdapting to evolving threats : |ba summary of Critical 5 approaches to critical infrastructure security and resilience. |
| 264 | 1|a[Ottawa] : |bPublic Safety Canada = Sécurité publique Canada, |c2024. |
| 264 | 4|c©2024 |
| 300 | |a1 online resource (32 pages) |
| 336 | |atext|btxt|2rdacontent |
| 337 | |acomputer|bc|2rdamedia |
| 338 | |aonline resource|bcr|2rdacarrier |
| 500 | |aIssued also in French under title: Adaptation à l'évolution des menaces : résumé des approches en matière de sécurité et de résilience des infrastructures essentielles du Groupe des 5 partenaires. |
| 500 | |a"In partnership with the governments of: Australia, Canada, New Zealand, United Kingdom, and United States." |
| 500 | |aAt head of title: Critical 5. |
| 504 | |aIncludes bibliographical references. |
| 650 | 0|aNational security|zCanada. |
| 650 | 0|aInfrastructure (Economics)|zCanada. |
| 650 | 0|aInternational cooperation. |
| 710 | 1 |aCanada. |bPublic Safety Canada, |eissuing body. |
| 775 | 08|tAdaptation à l'évolution des menaces : |w(CaOODSP)9.936780 |
| 856 | 40|qPDF|s822 KB|uhttps://publications.gc.ca/collections/collection_2024/sp-ps/PS9-35-2024-eng.pdf |